کل کى سىتا، آج کى سىتا : (Record no. 106354)

MARC details
000 -LEADER
fixed length control field 00811nam a22002417a 4500
005 - DATE AND TIME OF LATEST TRANSACTION
control field 20200211121412.0
010 ## - LCCN (DPL NO)
LC control number B-209023
020 ## - INTERNATIONAL STANDARD BOOK NUMBER
Terms of availability 150.00
International Standard Book Number 8182231647
035 ## - SYSTEM CONTROL NUMBER
System control number B-209023
037 ## - SOURCE OF ACQUISITION
Source of stock number/acquisition Cen Lib/Ret
082 ## - DEWEY DECIMAL CLASSIFICATION NUMBER
Classification number ک
100 ## - MAIN ENTRY--PERSONAL NAME
Personal name مسرور جهاں
245 ## - TITLE STATEMENT
Title کل کى سىتا، آج کى سىتا :
Statement of responsibility, etc مسرور جهاں
Remainder of title افسانوى مجموعه /
246 ## - VARYING FORM OF TITLE
Title proper/short title Kal ki seeta aj ki seeta : short stories /
Remainder of title by Masroor Jahan
260 ## - PUBLICATION, DISTRIBUTION, ETC. (IMPRINT)
Place of publication, distribution, etc Delhi
Name of publisher, distributor, etc Educational Publishing House
Date of publication, distribution, etc 2006 ء
270 ## - ADDRESS
Address 3108, Vakil Street, Kucha Pandit, Lal Kuan
City Delhi
Postal code 110006
300 ## - PHYSICAL DESCRIPTION
Extent 212p.
Dimensions 22cm(Hb)
650 ## - SUBJECT ADDED ENTRY--TOPICAL TERM
Topical term or geographic name as entry element ادب - اردو
650 ## - SUBJECT ADDED ENTRY--TOPICAL TERM
Topical term or geographic name as entry element اردو مختصر کہانیاں
650 ## - SUBJECT ADDED ENTRY--TOPICAL TERM
Topical term or geographic name as entry element Literature -- Urdu
650 ## - SUBJECT ADDED ENTRY--TOPICAL TERM
Topical term or geographic name as entry element Urdu short stories
942 ## - ADDED ENTRY ELEMENTS (KOHA)
Source of classification or shelving scheme Dewey Decimal Classification
Item type Urdu Bks
Classification part ک
Call number suffix م س ر
Holdings
Withdrawn status Lost status Not for loan Home library Current library Date acquired Source of acquisition Cost, normal purchase price Full call number Barcode Copy number Cost, replacement price Koha item type
      Central Library Central Library 19/12/2015 Cen Lib/Ret 150.00 ک م س ر B-209023 1 150.00 Urdu Bks

© Delhi Public Library
Hit Counter
free hit counter